| 000 | 00462nam a2200121Ia 4500 | ||
|---|---|---|---|
| 008 | 171212s9999 xx 000 0 und d | ||
| 020 | _a9780833090751 | ||
| 100 | _aMeadows, Sarah O.;Miller, Laura L.;Robson, Sean | ||
| 245 |
_cMeadows, Sarah O.;Miller, Laura L.;Robson, Sean _aAirman and Family Resilience _bLessons from the Scientific Literature |
||
| 260 |
_bRAND Corporation _c2015 |
||
| 650 | _aHistory | ||
| 856 | _uhttp://jstor.org/stable/10.7249/j.ctt19rmdbt | ||
| 999 |
_c351698 _d351698 |
||